Bargaining a Monetary Union

Salvato in:
Dettagli Bibliografici
Autore principale: Chang, Roberto
Natura: Libro
Lingua:inglese
Pubblicazione: Atlanta Federal Reserve Bank 1994
Edizione:1. ed.
Serie:Working Paper 94-4
Soggetti:
Tags: Aggiungi Tag
Nessun Tag, puoi essere il primo ad aggiungerne!!

MARC

LEADER 00000nam a2200000 4500
001 c005409
005 20221221080035.0
041 0 |a eng 
044 |a US 
245 1 0 |a Bargaining a Monetary Union  |c Roberto Chang 
250 |a 1. ed. 
264 1 |a Atlanta  |b Federal Reserve Bank  |c 1994 
300 |a 35 s. 
490 1 |a Working Paper  |v 94-4 
830 0 |a Working Paper  |v 94-4 
610 2 0 |a banky emisné 
610 2 0 |a USA 
610 2 0 |a únie menové 
610 2 0 |a obchod 
610 2 0 |a Nemecko 
610 2 0 |a Francúzsko 
610 2 0 |a domácnosti 
610 2 0 |a modely cenové 
100 1 |a Chang, Roberto